000 00347 a2200169 4500
001 183230
020 _a85-03-00339-2
040 _cMagnum
100 _aRego, José Lins do
240 1 0 _aFogo morto
_lpor
245 1 0 _aFogo morto
300 _a245
362 0 _a1995
440 1 _aJosé Olympio
697 _aLITERATURA GERAL
942 _cBK
999 _c183230
_d183230